Financial statement analysis

The book provides an intensive study of financial statement analysis, seeking to describe and explain: the demand and supply forces underlying the provision of financial statement data, the properties of numbers derived from financial statements, the key aspect of decisions that use financial statem...

Volledige beschrijving

Bewaard in:
Bibliografische gegevens
Hoofdauteur: Foster, George
Formaat: Boek
Taal:Undetermined
Gepubliceerd in: Englewood Cliffs, New Jersey Prentice-Hall 1986
Onderwerpen:
Tags: Voeg label toe
Geen labels, Wees de eerste die dit record labelt!
Thư viện lưu trữ: Trung tâm Học liệu Trường Đại học Cần Thơ
LEADER 01198nam a2200193Ia 4500
001 CTU_19220
008 210402s9999 xx 000 0 und d
082 |a 657.33 
082 |b F754 
100 |a Foster, George 
245 0 |a Financial statement analysis 
245 0 |c George Foster 
260 |a Englewood Cliffs, New Jersey 
260 |b Prentice-Hall 
260 |c 1986 
520 |a The book provides an intensive study of financial statement analysis, seeking to describe and explain: the demand and supply forces underlying the provision of financial statement data, the properties of numbers derived from financial statements, the key aspect of decisions that use financial statement information, and the features of the environment in which these decision are made. Each chapter contains much discussion of and many references to research on the topics covered. At the end of each chapter is a section titled "Some General Comments" that includes discussion of unresolved issues inexisting research, analysis of future research directions, or discussion of individual studies 
650 |a Accounting 
904 |i Minh, Hải 
980 |a Trung tâm Học liệu Trường Đại học Cần Thơ